000 00794nam a2200193 i 4500
001 123189
003 ES-MaACL
005 20240206170156.0
007 t|
008 070214s1905 sp r ||||0| spa d
100 1 _aQuereizaeta, Alejandro.
_994531
245 1 0 _aAbastecimiento de agua potable a Madrid y pueblos cercanos ;
_bFluido eléctrico para alumbrado público y particular ; Energía mecánica para usos industriales y riego a los campos y terrenos /
_cAlejandro Quereizaeta.
260 _aMadrid :
_b[s.n.],
_c1905 (
_fImp. de Antonio Marzo)
300 _a60 p. ;
_c17 cm.
650 4 _aAgua-
_xAbastecimiento-
_zMadrid (Comunidad Autónoma)
_9174820
650 7 _aIluminación eléctrica
_2embne
_9235076
852 4 _aES-MaACL
_jT-1032-F-3
999 _c123189
_d123189